00502nam a2200181 a 4500001001000000005001700010008004100027041000800068044000700076050002200083100002000105245005700125260003900182300002900221500000800250650002900258650003300287BRCA_816820190320210148.0070514s1958----sz-a###f##---#000-0#ger-# ager asz 4aSB382b.R45c19581 aReinhardt, Hans10aDer kirschgartenceine wegleitung von Hans Reinhard. aBasilea, SuizabBirkhàˆuserc1958 a64 p.bil., fot.c19 cm. aX7014aJardines frutaleszSuiza14aJardines ornamentaleszSuiza